| 000 | 01732nam a22003974i 4500 | ||
|---|---|---|---|
| 999 |
_c64674 _d64674 |
||
| 001 | 700447 | ||
| 003 | CAP | ||
| 005 | 20181031073056.0 | ||
| 008 | 850223t19891990enk b 000 0 eng | ||
| 010 | _a72097951 | ||
| 020 | _a0851116426 | ||
| 020 | _a0851118445 (pbk.) : | ||
| 040 |
_aDLC _dm.c. _dCAP _dUtOrBLW _bspa _cCO-MdFUSB _erda |
||
| 041 | _aeng | ||
| 082 |
_223 _a224.7 _bH875j |
||
| 100 |
_aHubbard, David Allan _eautor _d1928-1996 |
||
| 245 | 1 | 0 |
_aJoel and Amos _b: an introduction and commentary _c/ David Allan Hubbard |
| 264 | 1 |
_aLeicester, Inglaterra : _bInter-Varsity Press, _c℗[1989] |
|
| 264 | 4 | _c©1989 | |
| 300 |
_a245 páginas ; _c19 cm. |
||
| 336 |
_atexto _btxt _2rdacontent. |
||
| 337 |
_asin mediación _bn _2rdamedia. |
||
| 338 |
_avolumen _bnc _2rdacarrier. |
||
| 490 | _aThe Tyndale Old Testament commentaries. | ||
| 504 | _aIncluye bibliografía (página 14) | ||
| 505 |
_tPrefacio general. -- _tPrefacio del autor. -- _tAbreviaturas principales. -- _tJoel. _aIntroducción -- La profecía de Joel -- Lugar en el canon -- Fecha del libro --El escenario del libro -- Unidad y estructura -- Mensaje -- Joel y el Nuevo Testamento -- Análisis -- Comentario |
||
| 505 |
_tAmós _aIntroducción -- La profecía de Amós -- Lugar en el canon -- Fecha del libro-- El escenario del libro -- Unidad y composición -- Formas literarias -- Mensaje -- Estructura -- Análisis -- Comentario |
||
| 563 | _aTapa rústica | ||
| 630 | 0 | 7 |
_aBiblia. _pAmos _xCrítica, interpretación, etc. |
| 630 | 7 |
_aBiblia. _pJoel _xCrítica, interpretación, etc. |
|
| 630 | 0 | 7 |
_aBiblia. _pProfetas |
| 700 |
_91304 _aWiseman, D. J. _eeditor general |
||
| 942 | _cBK | ||